Länder, die Österreich am nächsten liegen - 1-Minuten-Sprint - Statistiken

Allgemein
  • Dieses Quiz wurde 289 mal gespielt
  • Das Durchschnittsergebnis liegt bei 15 aus 20
Antwortstatistiken
km Land % Korrekt
0 Deutschland
100%
0 Schweiz
98%
0 Italien
97%
0 Liechtenstein
96%
0 Slowenien
96%
0 Tschechien
96%
0 Ungarn
95%
0 Slowakei
94%
24 Kroatien
88%
149 Frankreich
86%
158 Polen
84%
218 Serbien
71%
161 Bosnien und Herzegowina
69%
291 San Marino
54%
372 Ukraine
53%
304 Rumänien
45%
321 Luxemburg
42%
357 Belgien
41%
405 Monaco
36%
415 Montenegro
31%
Keine übereinstimmenden Quizze gefunden
Verteilung der Resultate
Anzahl Personen mit jedem Resultat
Perzentil nach korrekt beantworteten Fragen
Ihre Resultats-Entwicklung
Sie haben dieses Quiz noch nicht gespielt